000
00288nam a2200121Ia 4500
008
220204s9999 xx 000 0 und d
082
_a
631.542
_b
WIT
100
_a
WITTROCK, Gustave T
245
0
_a
Pruning book.
260
_a
London
_b
Robert Hale
_c
1971
650
_a
Pruning
942
_c
BK
999
_c
24091
_d
24091